The 100 characters first names - Statistics

General Stats
  • This quiz has been taken 230 times
  • The average score is 10 of 12
Answer Stats
Hint Answer % Correct
Blake Bellamy
100%
Griffin Clarke
100%
Blake Octavia
99%
Reyes Raven
97%
Griffin Abby
96%
Jordan Jasper
93%
Green Monty
93%
Kane Marcus
89%
Collins Finn
83%
Jaja Thelonious
65%
Pike Charles
54%
Emerson Carl
32%
No matching quizzes found
Score Distribution
Percent of People with Each Score
Percentile by Number Answered
Your Score History
You have not taken this quiz